Toutes les équipes de Formule 1 depuis 1950 | Français - Statistiques

Statistiques générales
  • Ce quiz a été pris 94 fois
  • Le résultat moyen est 32 sur 179
Statistiques - réponses
Première année L’année dernière Équipe % Correct
1950 Ferrari
98%
1965 1965 RE
97%
1966 McLaren
92%
1954 Mercedes
92%
1977 2020 Renault
92%
2021 Alpine
85%
2005 Red Bull
85%
1993 Sauber
85%
1975 Williams
85%
1959 Aston Martin
82%
2016 Haas
81%
2012 2015 Lotus F1
77%
1958 1994 Team Lotus
77%
1950 2023 Alfa Romeo
74%
2006 2019 Toro Rosso
73%
2020 2023 Alpha Tauri
71%
2008 2018 Force India
66%
1952 1953 BMW
63%
1964 2008 Honda
61%
1986 2001 Benetton
60%
2016 2020 Racing Point
60%
2024 Racing Bulls
58%
2009 2009 Brawn
55%
1997 2001 Prost
53%
1962 1992 Brabham
52%
2002 2009 Toyota
52%
1970 1998 Tyrrell
52%
2000 2004 Jaguar
45%
1957 1964 Porsche
44%
1985 2005 Minardi
42%
1991 2005 Jordan
40%
2012 2016 Manor
39%
2010 2012 HRT
37%
1950 1960 Maserati
37%
1976 1996 Ligier
34%
1999 2005 BAR
31%
2010 2014 Caterham
31%
1954 1960 Vanwall
29%
1951 1977 BRM
27%
1991 1991 Lambo
27%
2006 2007 Spyker
27%
1997 1999 Stewart
26%
1956 1956 Bugatti
24%
1967 1972 Matra
24%
1978 2002 Arrows
23%
2006 2008 Super Aguri
23%
1992 1992 Andrea Moda
21%
2006 2006 Midland
21%
1977 1979 Wolf
19%
2006 2010 BMW Sauber
18%
1986 1991 AGS
16%
1975 1982 Fittipaldi
15%
1962 1993 Lola
15%
1970 1992 March
15%
1980 1990 Osella
15%
1994 1995 Simtek
15%
1981 1985 Toleman
15%
1974 1978 Hesketh
13%
1975 1975 Hill
13%
1985 1989 Zakspeed
13%
1963 1984 ATS
11%
1966 1969 Eagle
11%
1988 1990 Euro Brun
11%
1974 1977 Penske
11%
1973 1980 Shadow
11%
1970 1978 Surtees
11%
2010 2011 Virgin Racing
11%
1988 1992 Dallara
10%
1961 1970 De Tomaso
10%
1973 1982 Ensign
10%
1991 1996 Footwork
10%
1952 1956 Gordini
10%
1989 1990 Onyx
10%
1987 1989 Coloni
8%
1976 1977 Kojima
8%
1987 1994 Larrousse
8%
1990 1990 Life
8%
1978 1979 Merzario
8%
1983 1985 RAM
8%
1950 1952 ERA
6%
1995 1996 Forti
6%
1973 1974 Iso Marlboro
6%
1990 1991 Leyton House
6%
1950 1951 Talbot-Lago
6%
1977 1977 Apollo
5%
1976 1977 Boro
5%
1991 1992 Fondmetal
5%
1951 1954 HWM
5%
1950 1960 Kurtis Kraft
5%
1954 1955 Lancia
5%
1978 1978 Martini
5%
1979 1979 Rebaque
5%
1978 1983 Theodore
5%
1950 1960 Watson
5%
1974 1974 Amon
3%
1963 1964 BRP
3%
1952 1959 Connaught
3%
1950 1967 Cooper-Climax
3%
1962 1962 ENB
3%
1955 1960 Epperly
3%
1951 1960 Kuzma
3%
1977 1977 LEC
3%
1974 1975 Lyncar
3%
1974 1976 Maki
3%
1977 1977 McGuire
3%
1951 1958 Osca
3%
1974 1976 Parnelli
3%
1988 1989 Rial
3%
1950 1953 Simca
3%
1983 1985 Spirit
3%
1969 1973 Tecno
3%
1951 1953 Veritas
3%
1950 1952 Alta
2%
1970 1971 Bellasi
2%
1972 1972 Connew
2%
1960 1969 Cooper-Maserati
2%
1950 1952 Deidt
2%
1953 1953 Del Roy
2%
1957 1959 Dunn
2%
1959 1959 Elder
2%
1956 1962 Emeryson
2%
1953 1953 EMW
2%
1961 1961 Ferguson
2%
1959 1959 Fry
2%
1961 1963 Gilby
2%
1951 1951 Hall
2%
1959 1961 JBW
2%
1954 1954 Klenk
2%
1950 1950 Langley
2%
1962 1968 LDS
2%
1961 1961 MBM
2%
1950 1959 Moore
2%
1950 1954 Nichels
2%
1950 1950 Olson
2%
1954 1960 Phillips
2%
1972 1972 Politoys
2%
1950 1950 Rae
2%
1960 1960 Scarab
2%
1959 1959 Sutton
2%
1974 1974 Token
2%
1951 1960 Trevis
2%
1974 1974 Trojan
2%
1953 1953 Turner
2%
1950 1950 Adams
0%
1952 1953 AFM
0%
1955 1955 Arzani-Volpini
0%
1952 1952 Aston Butterworth
0%
1960 1960 Behra-Porsche
0%
1951 1954 Bromme
0%
1959 1960 Christensen
0%
1952 1952 Cisitalia
0%
1950 1950 Clemente Biondetti
0%
1968 1968 Cooper-BRM
0%
1960 1960 Cooper-Castellotti
0%
1977 1977 Copersucar-Fittipaldi
0%
1964 1964 Derrington-Francis
0%
1950 1960 Ewing
0%
1961 1961 FISA
0%
1952 1952 Frazer-Nash
0%
1979 1979 Kauhsen
0%
1950 1960 Lesovsky
0%
1950 1951 Marchese
0%
1960 1960 Meskowski
0%
1950 1950 Milano
0%
1954 1955 Pankratz
0%
1951 1955 Pawl
0%
1994 1995 Pazific
0%
1967 1967 Protos
0%
1951 1955 Schroeder
0%
1963 1964 Scirocco
0%
1961 1961 Scuderia Sant Ambroeus
0%
1966 1966 Shannon
0%
1951 1952 Sherman
0%
1950 1950 Snowberger
0%
1963 1963 Stebro
0%
1950 1956 Stevens
0%
1959 1959 Tec-Mec
0%
1950 1950 Wetteroth
0%
1976 1976 Wolf-Williams
0%
Aucun quiz correspondant
Distribution des résultats
% des personnes avec chaque résultat
Percentile par nombre de réponses
Votre historique - résultats
Vous n’avez pas pris ce quiz